000 00795nam a2200253 i 4500
003 DO-SdBNP
005 20260304130118.0
007 ta
008 250618b dr ||||| |||| 00| 0 spa d
040 _aDO-SdBNP
_bspa
_cBNPHU
_erda
041 _hspa
082 4 _axxx
_bR426s
_222
110 1 _aRepública Dominicana.
_bSecretaría de Estado de Salud Pública y Asistencia Social
_988138
245 1 0 _aSalud bucal y estrategias regionales de salud
264 1 _aSanto Domingo :
_bSESPAS,
_c1981.
300 _a43 páginas :
_bilustraciones ;
_c22 cm.
336 _atexto
_btxt
_2rdacontent
337 _asin mediación
_bn
_2rdamedia
338 _avolumen
_bnc
_2rdacarrier
490 _aTalleres, seminarios, conferencias
590 _aInventariado, 2025/DG
910 _aDG
942 _2ddc
_cLF2
999 _c59329
_d59329